| 000 | 00000nam 2200000za 4500 |
| 001 | 9.831476 |
| 003 | CaOODSP |
| 005 | 20221107145747 |
| 007 | cr ||||||||||| |
| 008 | 170130s1935 oncd |o f000 0 eng d |
| 040 | |aCaOODSP|beng |
| 043 | |an-cn--- |
| 086 | 1 |aCS68-D-52/1935E-PDF |
| 245 | 00|aIndex number of Dominion of Canada long term bond yields (1926 = 100), 1919-1935 |h[electronic resource] / |cpublished by authority of the Hon. R.B. Hanson. |
| 260 | |aOttawa : |bDominion Bureau of Statistics, |c1935. |
| 300 | |a4 p. : |bcharts. |
| 500 | |aDigitized edition from print [produced by Statistics Canada]. |
| 692 | 07|2gccst|aBonds |
| 710 | 1 |aCanada. |bDominion Bureau of Statistics. |bInternal Trade Branch. |
| 856 | 40|qPDF|s1.74 MB|uhttps://publications.gc.ca/collections/collection_2017/statcan/CS68-D-52-1935-eng.pdf |